WWE Roster 2026 - Statistics

General Stats
  • This quiz has been taken 212 times
    27 since last reset
  • The average score is 92 of 173
Answer Stats
Brand Answer % Correct
RAW AJ Lee
100%
RAW Austin Theory
100%
NXT Booker T
100%
RAW CM Punk
100%
RAW Jey Uso
100%
RAW Jimmy Uso
100%
RAW Dragon Lee
95%
RAW Gunther
95%
RAW Iyo Sky
95%
SmackDown Solo Sikoa
95%
RAW Becky Lynch
90%
RAW Bron Breakker
90%
RAW Bronson Reed
90%
SmackDown Cody Rhodes
90%
RAW Seth Rollins
90%
RAW Asuka
86%
RAW Jacob Fatu
86%
RAW Liv Morgan
86%
SmackDown Nia Jax
86%
RAW Oba Femi
86%
RAW Bayley
81%
RAW Brie Bella
81%
SmackDown Drew McIntyre
81%
RAW Finn Balor
81%
SmackDown Lash Legend
81%
NXT Lexis King
81%
RAW Nikki Bella
81%
SmackDown Randy Orton
81%
RAW Rey Mysterio
81%
SmackDown Rhea Ripley
81%
RAW Dominik Mysterio
76%
RAW El Grande Americano
76%
RAW Joe Hendry
76%
SmackDown Kit Wilson
76%
RAW Naomi
76%
RAW "Original" El Grande Americano
76%
RAW Roman Reigns
76%
SmackDown Talla Tonga
76%
SmackDown The Miz
76%
RAW Xavier Woods
76%
SmackDown Charlotte Flair
71%
NXT Cutler James
71%
SmackDown Damian Priest
71%
SmackDown Kiana James
71%
RAW Kofi Kingston
71%
RAW Logan Paul
71%
RAW Lyra Valkyria
71%
RAW Michael Cole
71%
RAW Montez Ford
71%
RAW Otis
71%
RAW Paul Heyman
71%
RAW Rusev
71%
SmackDown Tama Tonga
71%
SmackDown Trick Williams
71%
SmackDown Alexa Bliss
67%
RAW Angelo Dawkins
67%
SmackDown Bianca Belair
67%
SmackDown Carmelo Hayes
67%
SmackDown Chelsea Green
67%
RAW Je'Von Evans
67%
RAW LA Knight
67%
SmackDown Michin
67%
RAW Penta
67%
SmackDown Rey Fenix
67%
SmackDown Sami Zayn
67%
SmackDown Wade Barrett
67%
SmackDown Angel
62%
RAW Bravo Americano
62%
SmackDown Jade Cargill
62%
SmackDown Piper Niven
62%
RAW Raquel Rodriguez
62%
RAW Rayo Americano
62%
RAW Akira Tozawa
57%
RAW Ethan Page
57%
RAW Paige
57%
NXT Ricky Saints
57%
RAW Roxanne Perez
57%
RAW Stephanie Vaquer
57%
RAW Adam Pearce
52%
NXT Arianna Grace
52%
SmackDown Berto
52%
RAW Corey Graves
52%
RAW Grayson Waller
52%
RAW JD McDonagh
52%
SmackDown Jordynne Grace
52%
SmackDown Lainey Reid
52%
RAW Maxxine Dupri
52%
SmackDown R-Truth
52%
RAW Sheamus
52%
SmackDown Tonga Loa
52%
SmackDown B-Fab
48%
RAW Brutus Creed
48%
SmackDown Cathy Kelley
48%
SmackDown Giulia
48%
SmackDown Ilja Dragunov
48%
SmackDown JC Mateo
48%
RAW Julius Creed
48%
SmackDown Kevin Owens
48%
SmackDown Matt Cardona
48%
SmackDown Nick Aldis
48%
SmackDown Shinsuke Nakamura
48%
RAW Sol Ruca
48%
RAW Alicia Taylor
43%
SmackDown Axiom
43%
RAW Byron Saxton
43%
RAW Ivy Nile
43%
RAW Jackie Redmond
43%
SmackDown Joe Tessitore
43%
SmackDown Nathan Frazer
43%
SmackDown Tifanny Stratton
43%
NXT Tony D'Angelo
43%
NXT Dion Lennox
38%
SmackDown Elton Prince
38%
RAW Erik
38%
RAW Ivar
38%
SmackDown Jacy Jayne
38%
NXT Kendal Grey
38%
SmackDown Mark Nash
38%
RAW Nattie
38%
NXT Shawn Michaels
38%
NXT Shiloh Hill
38%
NXT Tatum Paxley
38%
NXT Zaria
38%
NXT Blake Monroe
33%
RAW Cruz Del Toro
33%
SmackDown Fallon Henley
33%
NXT Jaida Parker
33%
RAW Joaquin Wilde
33%
SmackDown Johnny Gargano
33%
NXT Lola Vice
33%
NXT Osiris Griffin
33%
NXT Saquon Shugars
33%
NXT Adriana Rizzo
29%
SmackDown Candice LeRae
29%
NXT Charlie Dempsey
29%
NXT Elio LeFleur
29%
NXT Izzi Dame
29%
NXT Kelani Jordan
29%
NXT Myles Borne
29%
NXT Nikkita Lyons
29%
SmackDown Royce Keys
29%
NXT Shawn Spears
29%
NXT Brad Baylor
24%
NXT Channing "Stacks" Lorenzo
24%
NXT EK Prosper
24%
NXT Hank Walker
24%
NXT Jackson Drake
24%
NXT Jasper Troy
24%
NXT Niko Vance
24%
NXT Noam Dar
24%
NXT "Super" Sean Legacy
24%
NXT Tank Ledger
24%
NXT Vic Joseph
24%
NXT Josh Briggs
19%
NXT Kali Armstrong
19%
NXT Karmen Petrovic
19%
NXT Lizzy Rain
19%
NXT Myka Lockwood
19%
NXT Ricky Smokes
19%
NXT Robert Stone
19%
NXT Thea Hail
19%
NXT Uriah Connors
19%
NXT Wendy Choo
19%
NXT Blake Howard
14%
NXT Bronco Nima
14%
NXT Kale Dixon
14%
NXT Keanu Carver
14%
NXT Lucien Price
14%
NXT Mike Rome
14%
NXT Sarah Schreiber
14%
NXT Skylar Raye
14%
NXT Tavion Heights
14%
NXT Wren Sinclair
14%
No matching quizzes found
Score Distribution
Percent of People with Each Score
Percentile by Number Answered
Your Score History
You have not taken this quiz since the last reset